|
|
|
|
| LEADER |
00000nab a2200000 a 4500 |
| 001 |
vtls000029253 |
| 003 |
SK-MaSNL |
| 005 |
20260303205635.0 |
| 008 |
111103c1979 xo 0 slo |
| 015 |
|
|
|a SNBRB19rr/mm-uuuuu
|
| 035 |
|
|
|a CL0039347
|
| 040 |
|
|
|a SNKBUCL
|b slo
|c SNKBUCL
|e AACR2
|
| 041 |
0 |
|
|a slo
|
| 044 |
|
|
|a xo
|c SK
|
| 080 |
|
|
|a 7.097
|2 1981
|
| 080 |
|
|
|a 792.2.097
|2 1981
|
| 100 |
0 |
|
|a J.R.
|4 aut
|9 950292
|
| 245 |
1 |
0 |
|a Tri večery s Betou
|c J.R.
|
| 600 |
1 |
7 |
|a Balzac, Honoré de,
|d 1799-1850
|t Sesternica Beta
|2 snkbucl
|9 50434
|
| 610 |
2 |
7 |
|a Československá televízia
|2 snkbucl
|9 215938
|
| 651 |
|
7 |
|a 5100
|2 snkbucl
|9 166206
|
| 655 |
|
7 |
|a články z novín a časopisov
|2 snkbucl
|9 267496
|
| 773 |
0 |
|
|t Večerník
|g Roč. 24, č. 110 (7. 6. 1979), s. 5
|
| 850 |
|
|
|a Slovenská národná knižnica v Martine
|a MTA001
|
| 852 |
|
|
|a SNK
|b KIS3GCP
|
| 958 |
|
|
|a RK
|
| 992 |
|
|
|a RBX
|
| 999 |
|
|
|c 2196413
|d 2198343
|